Česká zahraniční politika 1993-2005
Česká zahraničná politika v 90. rokoch a zaistenie zodpovedajúceho miesta v medzinárodných vzťahoch po skončení studenej vojny. Úspechy českej politiky. Členstvo v medzinárodných inštitúciách a spolupráca na regionálnej, európskej aj globálnej úrovni. Česko - poskytovateľ rozvojovej a humanitárnej p...
Salvato in:
| Autore principale: | |
|---|---|
| Altri autori: | |
| Natura: | Capitolo di libro |
| Lingua: | ceco |
| Soggetti: | |
| Tags: |
Nessun Tag, puoi essere il primo ad aggiungerne!!
|
MARC
| LEADER | 00000naa$a2200000$$$4500 | ||
|---|---|---|---|
| 001 | 0033740 | ||
| 005 | 20231016092025.6 | ||
| 041 | 0 | |a cze | |
| 044 | |a CZ | ||
| 245 | 1 | 0 | |a Česká zahraniční politika 1993-2005 |c Vladimír Handl, Otto Pick |
| 520 | |a Česká zahraničná politika v 90. rokoch a zaistenie zodpovedajúceho miesta v medzinárodných vzťahoch po skončení studenej vojny. Úspechy českej politiky. Členstvo v medzinárodných inštitúciách a spolupráca na regionálnej, európskej aj globálnej úrovni. Česko - poskytovateľ rozvojovej a humanitárnej pomoci. Dodržiavanie ľudských práv vo svete. Neujasnené priority českej zahraničnej politiky. Všeobecné problémy koordinácie. Pokračovanie v budúcom čísle. | ||
| 610 | 2 | 0 | |a politika zahraničná |
| 610 | 2 | 0 | |a vzťahy politické medzinárodné |
| 610 | 2 | 0 | |a spolupráca hospodárska medzinárodná |
| 610 | 2 | 0 | |a pomoc rozvojová |
| 610 | 2 | 0 | |a demokracia |
| 610 | 2 | 0 | |a práva ľudské |
| 610 | 2 | 0 | |a decentralizácia |
| 610 | 2 | 0 | |a stabilita politická |
| 610 | 2 | 0 | |a bezpečnosť |
| 610 | 2 | 0 | |a organizácie medzinárodné |
| 610 | 2 | 0 | |a Česko |
| 610 | 2 | 0 | |a Európska únia |
| 100 | 1 | |a Handl, Vladimír | |
| 700 | 1 | |a Pick, Otto | |